000 00888nam a2200277 a 4500
003 OSt
005 20131018163117.0
008 131018s2003 ag ||||| |||| 00| 0 spa d
040 _cBiblioteca Medicina
041 _aspa
082 _bCONGRESOS 049
100 1 _aBöhmer, Martin
_92753
245 0 0 _aSeminario III: Derechos de los usuarios de los Servicios de Salud
250 _a1º ed.
260 _aBuenos Aires
_bCentro de Estudios de Estado y Sociedad
_c2003
300 _a19 p.
440 0 _aSeminarios Salud y Politica Publica
_92706
653 _aSALUD-DERECHOS
653 _aSERVICIOS DE SALUD-DERECHOS
700 1 _aHolmberg, Ezequiel
_92754
700 1 _aMaffia, Diana
_92755
700 1 _aPerez. Luis
_92756
856 _awww.cedes.org
942 _2ddc
_cPH
999 _c1828
_d1828
952 _40
_00
_bBFM
_10
_oCONGRESOS 049
_d2013-10-18
_tEj. 1
_8NFIC
_70
_cCR
_2ddc
_yPH
_aBFM